Geography Quiz

Random Geography or Flags Quiz

Hide North America's Flags (Minefield) Quiz Stats

 Plays Quiz Updated May 17, 2020

Support Sporcle.
Go Orange.
Score 0/23 Timer 04:00
6 Plays Today
% Correct
???
57.1%
???
57%
???
55.6%
???
55.3%
???
50.8%
???
43.2%
???
42.9%
???
40.5%
???
40.4%
???
40.4%
???
37.3%
???
36.3%
% Correct
???
36.1%
???
33.1%
???
31.9%
???
31.5%
???
30.8%
???
30.7%
???
30.7%
???
29.4%
???
28.4%
???
26.6%
???
26.6%

You're not logged in!

Compare scores with friends on all Sporcle quizzes.
OR
Log In

From the Vault

MLB Stolen Base in 4 Decades

by chief7575

Some people are never too old to be a good thief.
Remove Ads.
Support Sporcle.
Get the best of Sporcle when you Go Orange. This ad-free experience offers more features, more stats, and more fun while also helping to support Sporcle. Thank you for becoming a member.

Show Comments

Extras

Top Quizzes Today


Score Distribution

Your Account Isn't Verified!

In order to create a playlist on Sporcle, you need to verify the email address you used during registration. Go to your Sporcle Settings to finish the process.

Report this User

Report this user for behavior that violates our Community Guidelines.

Details: